000 00612nam a2200229 a 4500
001 21226
003 BD-RjUL
005 20211209000649.0
008 140303s1965 nyu 000 0 eng
035 _a(BD-RjUL)21290
040 _aDLC
_cBSC
_dBD-RjUL
_beng
041 _aeng
082 0 0 _a808
_bESS 1965
099 _a*ML A.6W - A& - G5
245 1 0 _aEssays on rhetoric /
_cedited by Dudley Bailey.
260 _aNew York :
_bOxford University Press,
_cc1965.
300 _aviii, 309 p. ;
_c23 cm.
650 0 _aRhetoric.
_965624
700 1 _aBailey, Dudley.
_965625
942 _2ddc
_cBK
999 _c21226
_d21226